000 02118nam0a2200397 4500
001 RU\NLR\BIBL_A\012013927
005 20200313134323.0
010 _a978-5-7205-1516-4
_9500
021 _aRU
_bКН-П-19-028577
_9КН-П-19-2152
035 _a(NLR Aleph) 012013927
035 _a(RuMoRGB)009955547
090 _a11463976
_c11463976
100 _a20190517d2019 k y0rusy50 ca
101 0 _arus
102 _aRU
105 _aa z 000zy
200 1 _aЭлектрофизические процессы в жидкостях при воздействии
_e[монография
_fЮ. К. Стишков]
_gСанкт-Петербургский государственный университет, Физический факультет
210 _aСанкт-Петербург
_cЮстицинформ
_d2019
215 _a259 с.
_cил., табл.
_d24
225 1 _aФизика
300 _aЗагл. обл.: Электрофизические процессы в жидкостях при воздействии сильных электрических полей
300 _aАвт. указан на обл.
300 _aНа 4-й с. обл. авт.: Ю. К. Стишков, д.ф.-м.н., проф.
320 _aБиблиогр. в конце гл.
512 1 _aЭлектрофизические процессы в жидкостях при воздействии сильных электрических полей
606 1 _aЖидкие диэлектрики
_xЭлектрогидродинамические течения
_92118315
_3RU\NLR\AUTH\661583027
610 0 _aэлектрогидродинамика
686 1 _aВ331.43
700 1 _aСтишков
_bЮ. К.
_gЮрий Константинович
712 0 2 _4570
_aСанкт-Петербургский государственный университет
_bФизический факультет
_9337631
_3RU\NLR\AUTH\889920722
942 _cBOOK
980 _aNBR
980 _aNB